00653nac a22001811u 4500082002000000090001500020100003400035245006500069260005200134300001500186504002000201650002600221650005200247700001600299942002200315999001500337952011900352 a621.3076bG9592 c2933d2933 aGupta ,J.B.  aAn Integrated Course In Electrical Engineering /bJ.B.Gupta. aDelhi:[2000].bS.K.Kataria and sons,cc.[2000]. a p:b25cm. aIncludes Index. aElectric engineering. aElectric engineering--Problems, exercises, etc. aGupta ,J.B. cBBk621.3076G9592 c2933d2933 00104070aMAINbMAINc1STd2012-03-07ePurchasel1o621.3076 GUPp000001183r2025-07-15 00:00:00s2012-04-09yBB